Fundamentals of engineering Examination review

Spremljeno u:
Bibliografski detalji
Glavni autor: Fundamentals of engineering
Format: Knjiga
Jezik:Undetermined
Izdano: New York Oxford Univ. Press 2002
Teme:
Oznake: Dodaj oznaku
Bez oznaka, Budi prvi tko označuje ovaj zapis!
Thư viện lưu trữ: Trung tâm Học liệu Trường Đại học Cần Thơ
LEADER 00506nam a2200181Ia 4500
001 CTU_49538
008 210402s9999 xx 000 0 und d
082 |a 620.0015 
082 |b F981 
100 |a Fundamentals of engineering 
245 0 |a Fundamentals of engineering 
245 0 |b Examination review 
245 0 |c DONALD G NEWMAN 
260 |a New York 
260 |b Oxford Univ. Press 
260 |c 2002 
650 |a engineering mathematics 
980 |a Trung tâm Học liệu Trường Đại học Cần Thơ